|
|
|
|
| LEADER |
00000nab a2200000u 4500 |
| 001 |
vtls012128428 |
| 003 |
SK-MaSNL |
| 005 |
20260305021641.0 |
| 008 |
220324|19660813xo ||||||| ||00 ||slo| |
| 038 |
|
|
|a KEVKJB
|
| 040 |
|
|
|a KEVKJB
|b slo
|e rda
|
| 041 |
0 |
|
|a slo
|
| 043 |
|
|
|a e-xo---
|
| 044 |
|
|
|a xo
|c SK
|
| 072 |
|
7 |
|a 792
|x Divadlo. Divadelné predstavenia
|2 konspekt
|
| 080 |
|
|
|a 792.2
|2 2011
|
| 100 |
1 |
|
|a Kalytčuk, Vladimír,
|d 1912-1983
|4 ivr
|9 40188
|
| 245 |
1 |
0 |
|a Medzi dvoma sezónami činohry ŠD v Košiciach
|c Vladimír Kalytčuk
|
| 300 |
|
|
|b Fotografia
|
| 336 |
|
|
|a text
|b txt
|2 rdacontent
|
| 337 |
|
|
|a bez média
|b n
|2 rdamedia
|
| 338 |
|
|
|a zväzok
|b nc
|2 rdacarrier
|
| 610 |
2 |
7 |
|a Štátne divadlo Košice.
|b Činohra
|2 SNKKA
|9 125502
|
| 650 |
0 |
7 |
|a dramaturgovia
|2 SNKPH
|9 104178
|
| 651 |
|
7 |
|a Košice (Slovensko)
|2 SNKPHgeo
|9 18694
|
| 655 |
|
7 |
|a rozhovory
|2 SNKPH
|9 31831
|
| 700 |
1 |
|
|a Zborovjan, Julo,
|d 1921-1974
|4 ive
|9 116934
|
| 773 |
0 |
|
|t Východoslovenské noviny
|g Roč. XV., č. 193 (13.8.1966), s. 5
|
| 852 |
|
|
|a KEVKJB
|b KIS3GCP
|
| 999 |
|
|
|c 3287421
|d 3289351
|